Quest for achievement (Record no. 516551)

000 -LEADER
fixed length control field 00293nam a22001097a 4500
082 ## - DEWEY DECIMAL CLASSIFICATION NUMBER
Classification number TNC B7x54 Gh23
100 ## - MAIN ENTRY--PERSONAL NAME
Personal name Ghai, O. P. (ed.)
9 (RLIN) 23075
245 ## - TITLE STATEMENT
Title Quest for achievement
Statement of responsibility, etc edited by O. P. Ghai
260 ## - PUBLICATION, DISTRIBUTION, ETC. (IMPRINT)
Place of publication, distribution, etc New Delhi
Name of publisher, distributor, etc I.P.D.
Date of publication, distribution, etc 1991
300 ## - PHYSICAL DESCRIPTION
Extent 144p.
650 ## - SUBJECT ADDED ENTRY--TOPICAL TERM
Topical term or geographic name as entry element Self - Improvement
9 (RLIN) 23076
Holdings
Withdrawn status Lost status Source of classification or shelving scheme Damaged status Koha normalized classification for sorting Not for loan Permanent location Current location Date acquired Full call number Barcode Date last seen Price effective from Koha item type
        TNC_B7X54_GH23   Indian Institute of Public Administration Indian Institute of Public Administration 2021-02-26 TNC B7x54 Gh23 GR22979 2021-02-26 2021-02-26 GR

Powered by Koha